| 000 | 01113cam a22003251 4500 | ||
|---|---|---|---|
| 001 | 10242681 | ||
| 003 | EG-ScBUE | ||
| 005 | 20220210115107.0 | ||
| 008 | 740822s1951 nyu f 00| 1 eng d | ||
| 035 | _a(OCoLC)987312 | ||
| 040 |
_aDLC _beng _erda _cOKentU _dOCoLC _dDLC _dEG-ScBUE |
||
| 041 | 1 |
_aeng _hger |
|
| 082 | 0 | 4 |
_a833.9 _bFEU _222 |
| 100 | 1 |
_aFeuchtwanger, Lion, _d1884-1958, _eauthor. _910841 |
|
| 245 | 1 | 0 |
_aThis is the hour / _cLion Feuchtwanger ; translated by H. T. Lowe-Porter, Frances Fawcett. |
| 264 | 1 |
_aNew York : _bThe Viking Press, _c1951. |
|
| 300 |
_a516 pages ; _c22 cm |
||
| 336 |
_2rdacontent _atext _btxt |
||
| 337 |
_2rdamedia _aunmediated _bn |
||
| 338 |
_2rdacarrier _avolume _bnc |
||
| 546 | _aText in English ; translated from Germany language. | ||
| 600 | 1 | 7 |
_aGoya, Francisco, _d1746-1828 _vFiction. _2BUEsh _910842 |
| 650 | 7 |
_aGerman fiction _y20th century. _2BUEsh _939270 |
|
| 650 | 7 |
_aArtists _yFiction. _2BUEsh |
|
| 651 | _2BUEsh | ||
| 653 |
_bHHUUEENN _cFebruary2022 |
||
| 655 |
_vReading book _934232 |
||
| 942 |
_2ddc _cBB |
||
| 999 |
_c13249 _d13249 |
||